Peanut Butter Families Stick Together (Record no. 1861)

MARC details
000 -LEADER
fixed length control field 00369nam a22001337a 4500
003 - CONTROL NUMBER IDENTIFIER
control field OSt
005 - DATE AND TIME OF LATEST TRANSACTION
control field 20160727222456.0
008 - FIXED-LENGTH DATA ELEMENTS--GENERAL INFORMATION
fixed length control field 160705b xxu||||| |||| 00| 0 eng d
100 ## - MAIN ENTRY--PERSONAL NAME
9 (RLIN) 2168
Personal name Butterworth, B
245 ## - TITLE STATEMENT
Title Peanut Butter Families Stick Together
260 ## - PUBLICATION, DISTRIBUTION, ETC. (IMPRINT)
Place of publication, distribution, etc. N.J
Name of publisher, distributor, etc. Fleming H. Revell
Date of publication, distribution, etc. 1985
300 ## - PHYSICAL DESCRIPTION
Extent Peanut Butter Families Stick Together
942 ## - ADDED ENTRY ELEMENTS (KOHA)
Source of classification or shelving scheme Dewey Decimal Classification
Koha item type BOOK
Holdings
Withdrawn status Lost status Source of classification or shelving scheme Damaged status Not for loan Home library Current library Shelving location Date acquired Total Checkouts Full call number Barcode Date last seen Date last checked out Price effective from Koha item type
    Dewey Decimal Classification     Good Samaritan School Library Good Samaritan School Library FICTION 07/05/2016 1 823 BUT1253 08/16/2017 08/09/2017 07/05/2016 BOOK

Powered by Koha